Statistiques concernant Test de vocab français-anglais (4)

Cliquez ici pour prendre le quiz!

Statistiques générales

  • Ce quiz a été pris 37 fois
  • Le résultat moyen est 3 sur 15

Statistiques - réponses

FrançaisAnglais% Correct
la commentairecomment
69%
le frontforehead
67%
le castorbeaver
36%
la grand-tantegreat aunt
31%
le terrain de golfgolf course
25%
le théièreteapot
25%
la tonnetonne
22%
une association caritativecharity
14%
une allée (privée)driveway
11%
la tour (dans les échecs)rook
11%
la chaudiereboiler
8%
le bon d'achatgift voucher
6%
le parent prochenext of kin
6%
le paysagiste / architecte paysagistelandscape architect
3%
le vergerorchard
3%

Distribution des résultats

Percentile par nombre de réponses

% des personnes avec chaque résultat

Votre développement - résultats

Vous n’avez pas pris ce quiz